| 000 | 00350nam a2200133Ia 4500 | ||
|---|---|---|---|
| 008 | 240624s9999 xx 000 0 und d | ||
| 041 | _aeng | ||
| 082 | _a352.48 PET | ||
| 100 | _aPETERSON PAMELA P | ||
| 245 | _aCAPITAL BUDGETING THEORY AND PRACTICE | ||
| 260 |
_c2002 _aCanada _bJohn Wiley and Sons |
||
| 300 | _a243 : p. : cm. ; 24 | ||
| 365 |
_c _b30 |
||
| 999 |
_c10687 _d10687 |
||